La filosofía y la vida

Gardado en:
Detalles Bibliográficos
Autor Principal: Engels, Federico
Formato: Libro
Idioma:Undetermined
Publicado: Buenos Aires, Argentina Tor [s.f.]
Materias:
Etiquetas: Engadir etiqueta
Sen Etiquetas, Sexa o primeiro en etiquetar este rexistro!

MARC

LEADER 00000nam a2200000Ia 4500
008 170316s9999 xx 000 0 und d
090 |a 100 E-13f 
100 |a Engels, Federico 
245 |a La filosofía y la vida 
260 |a Buenos Aires, Argentina 
260 |b Tor 
260 |c [s.f.] 
300 |a 159 páginas 
650 |a FILOSOFÍA 
999 |c 16096  |d 16096 
040 |a cru BVZT 
942 |c 15 D  |h 100 E-13f  |2 z